[Event "CZE-chT2B 1516"]
[Site "Czech Republic"]
[Date "2016.01.10"]
[Round "5.4"]
[White "Splichal, Petr"]
[Black "Forman, Stepan"]
[Result "0-1"]
[WhiteElo "1968"]
[BlackElo "2292"]
[PlyCount "46"]
[EventDate "2015.10.18"]
[EventType "team-tourn"]
[EventRounds "11"]
[EventCountry "CZE"]
[SourceTitle "EXT 2022"]
[Source "ChessBase"]
[SourceDate "2021.10.06"]
[SourceVersion "1"]
[SourceVersionDate "2021.10.06"]
[SourceQuality "1"]
[WhiteTeam "Unichess II"]
[BlackTeam "Jicin II"]
[WhiteTeamCountry "CZE"]
[BlackTeamCountry "CZE"]

1. d4 f5 2. g3 Nf6 3. Bg2 g6 4. c4 d6 5. Nf3 Bg7 6. Nc3 0-0 7. 0-0 c6 8. Qc2 Qc7 9. b3 e5 10. dxe5 dxe5 11. Ba3 Re8 12. Rad1 Bf8 13. Bxf8 Rxf8 14. Qd2 Na6 15. e4 fxe4 16. Ng5 Bg4 17. Qd6 Bxd1 18. Qe6+ Kh8 19. Rxd1 Nc5 20. Qh3 a5 21. Ncxe4 Nfxe4 22. Bxe4 Nxe4 23. Rd7 Nxg5 0-1

[Event "CZE-chT1W 1516"]
[Site "Czech Republic"]
[Date "2015.12.13"]
[Round "5.7"]
[White "Forman, Stepan"]
[Black "Malek, Martin"]
[Result "1/2-1/2"]
[WhiteElo "2278"]
[BlackElo "2064"]
[PlyCount "63"]
[EventDate "2015.10.11"]
[EventType "team-tourn"]
[EventRounds "11"]
[EventCountry "CZE"]
[SourceTitle "EXT 2017"]
[Source "ChessBase"]
[SourceDate "2016.10.25"]
[SourceVersion "1"]
[SourceVersionDate "2016.10.25"]
[SourceQuality "1"]
[WhiteTeam "Jicin"]
[BlackTeam "Praha Kobylisy"]
[WhiteTeamCountry "CZE"]
[BlackTeamCountry "CZE"]

1. d4 g6 2. e4 Bg7 3. Nc3 d6 4. Be3 Nf6 5. Qd2 Nc6 6. d5 Ne5 7. Bh6 Bxh6 8. Qxh6 c6 9. Qd2 Qb6 10. 0-0-0 Neg4 11. f3 Ne5 12. g4 h6 13. h3 Ned7 14. f4 Nc5 15. Bg2 Bd7 16. Nge2 0-0-0 17. e5 dxe5 18. fxe5 Ne8 19. Qf4 Rh7 20. Nd4 Nc7 21. dxc6 bxc6 22. Qf3 N7e6 23. Nxc6 Bxc6 24. Rxd8+ Nxd8 25. Nd5 Bxd5 26. Qxd5 Ndb7 27. b4 Qxb4 28. Qc6+ Kb8 29. Qe8+ Kc7 30. Qc6+ Kb8 31. Qe8+ Kc7 32. Qc6+ 1/2-1/2